Child protection in India: emerging issues (Record no. 125557)

MARC details
000 -LEADER
fixed length control field 00355nam a2200145Ia 4500
008 - FIXED-LENGTH DATA ELEMENTS--GENERAL INFORMATION
fixed length control field 230917s9999||||xx |||||||||||||| ||und||
040 ## - CATALOGING SOURCE
-- 207107
Original cataloging agency VIVEKANANDA LIBRARY
041 ## - Language
-- English
082 ## - DDC NUMBER
Classification number 340 S59C
100 ## - MAIN ENTRY--PERSONAL NAME
Personal name Sonu
245 #0 - TITLE STATEMENT
Title Child protection in India: emerging issues
260 ## - PUBLICATION, DISTRIBUTION, ETC. (IMPRINT)
Place of publication, distribution, etc Rohtak
Name of publisher, distributor, etc M.D.University
Date of publication, distribution, etc 2010
300 ## - PHYSICAL DESCRIPTION
Pages 480 p.
942 ## - ADDED ENTRY ELEMENTS (KOHA)
Koha item type Thesis
Holdings
Withdrawn status Lost status Damaged status Not for loan Location (home branch) Sublocation or collection (holding branch) Date acquired Koha issues (times borrowed) Koha full call number Accession No. Koha date last seen Koha item type
        VIVEKANANDA LIBRARY VIVEKANANDA LIBRARY 04/06/2013   340 S59C 221510 17/09/2023 Thesis
© Designed and Maintained by Vivekananda Library, MDU Rohtak